1586 1897 1713 1985 1458 1248 1321 1235 1846 1312 1495 1819 1563 1449 1944 1235 1046 1708 1162 1269 1926 1534 1278 1012 1959 1282 1201 1521 1112 1276 1139 1585 1643 1946 1987 1425 1732 1159 1728 1134 1497 1139 1518 1462 1631 1687 1250 1956 1565 1699 1116 1463 1082 1859 1794 1497 1409 1989 1296 1557 1189 1697 1515 1333 1554 1631 1156 1518 1716 1049 1369 1801 1183 1705 1240 1406 1506 1871 1757 1101 1236 1980 1826 1632 1874 1050 1228 1020 1641 1891 1988 1311 1400 1515 1385 1467 1348 1014 1944 BCNSPRNW ULIB Ver.6.0+V

เปลี่ยนเป็นภาษาไทย

Change to English
 แสดงรายละเอียดบรรณานุกรม
  กลับหน้าหลัก

Brief Record : Get Marc (ISO 2709) : E-mail record : QR code < ปิดหน้าต่าง
LEADER : 00000nam 2200000uu 4500
001    13399113796
003     ULIB
008    120105s2551||||th 000 0 tha d
020    ^a9789742127404
050  4 ^aBF408^bบ361ล 2551
100 1  ^aบีแวน, ร็อบ
245 10 ^aลับคมให้สมอง :^bพัฒนาความคิดสร้างสรรค์ =^bBe incredibly creative /^cโดย Rob Bevan, John Middleton และ Tim Wright ;[แปล] เรียบเรียงโดย ปรีดา ยังสุขสถาพร
246 31 ^aBe incredibly creative
260    ^aกรุงเทพฯ :^bซีเอ็ดยูเคชั่น,^c2551
300    ^a132 หน้า :^bภาพประกอบ ;^c17 ซม.
650  7 ^aความคิดสร้างสรรค์
700 1  ^aมิดเดิลต้น, จอน
700 1  ^aไรท์, ทิม
700 0  ^aปรีดา ยังสุขสถาพร,^eผู้แปล
700 12 ^aBevan, Rob.^tBe incredibly creative
700 12 ^aMiddleton, John.^tBe incredibly creative
700 12 ^aWright, Tim.^tBe incredibly creative
945    ^p120^l0^i18107
995    ^aกัณชพร
999    ^aใช้งานได้ทุกระบบ
รายการนี้ยังไม่มีแท็ก
คุณยังไม่ได้ล็อกอิน คุณสามารถมีกิจกรรมร่วมกับเว็บไซต์ได้ แต่ต้องล็อกอินก่อน ::
  ล็อกอิน

รายการสื่อสารสนเทศ

ลำดับที่ ประเภท เลขเรียก/บาร์โค้ด สถานที่ สถานะ
- ไม่พบข้อมูล -

รายการใกล้เคียง
    ผู้แต่ง [บีแวน, ร็อบ]

    หัวเรื่อง [ความคิดสร้างสรรค์]

BibComment


ยังไม่เคยถูกคอมเมนท์

คอมเมนท์ทรัพยากรรายการนี้
  คอมเมนท์: ลับคมให้สมอง พั..


 Copyright 2026. Bcnsprnw @Library